000 01165cam a2200313 a 4500
999 _c1307
_d1307
001 005273941
003 OCoLC
005 20230106103814.0
008 111102r20112002enk 000 1 eng d
015 _aGBB236786
_2bnb
020 _a9780261103573
035 _a(OCoLC)761365427
_z(OCoLC)858441459
_z(OCoLC)863595825
040 _aNLE
_beng
_cNLE
_dOCLCO
_dOCLCA
_dCNPAR
_dOCLCO
_dOCLCF
_dN15
_dOCLCQ
_dCNNAI
_dEQO
_dOCLCO
_dOCLCQ
_dOCL
_dOCLCA
_dNITA
_dKH8
042 _anbic
082 0 4 _a823.914 TOL
100 1 0 _aTolkien, J. R. R.
_q(John Ronald Reuel),
_d1892-1973.
_eAuthor
245 1 4 _aThe fellowship of the ring /
_cJ.R.R. Tolkien.
260 _aLondon :
_bHarperCollins,
_c2011.
300 _axxiii, 407 pages ;
_c20 cm.
336 _atext
_btxt
_2rdacontent.
337 _aunmediated
_bn
_2rdamedia.
338 _avolume
_bnc
_2rdacarrier.
490 1 _aLord of the rings ;
_vpt. 1.
500 _a"This edition is based on the reset edition first published 2002"--Title page verso.
650 0 _aAdventure stories.
650 0 _aFantasy fiction.
800 1 _aTolkien, J. R. R.
_q(John Ronald Reuel),
_d1892-1973.
_tLord of the rings ;
_vpt. 1.
942 _2ddc
_cNFIC